| 000 | 01289nam a22003257i 4500 | ||
|---|---|---|---|
| 003 | EG-ScBUE | ||
| 005 | 20240501134131.0 | ||
| 008 | 220731s2021 ua f b 000 0 ara d | ||
| 017 | _a2003 / 13855 | ||
| 020 | _a9770187267 | ||
| 040 |
_aEG-ScBUE _bara _erda _cEG-ScBUE _dEG-ScBUE |
||
| 043 | _af-ua--- | ||
| 082 | 0 | 4 |
_222 _a892.70804347 _bق ا ض |
| 100 | 1 |
_aقاضي، خالد محمد، _d1967- _eمؤلف. |
|
| 245 | 1 | 0 |
_aمن روائع الأدب القضائي / _cخالد محمد القاضي. |
| 246 | 3 | 4 |
_aمن روائع الأدب القضائي : _bثلاثة أجزاء في مجلد واحد (2001-2002-2003) |
| 250 | _aالطبعة الأولى. | ||
| 264 | 1 |
_aالقاهرة : _bالهيئة المصرية العامة للكتاب، _c2021. |
|
| 300 |
_a3 مجلدات ؛ _c24 سم |
||
| 336 |
_2rdacontent _aنص _btxt |
||
| 337 |
_2rdamedia _aبدون وسيط _bn |
||
| 338 |
_2rdacarrier _aمجلد _bnc |
||
| 504 | _aيشتمل على إرجاعات ببليوجرافية. | ||
| 541 |
_cDonation ; _aProf. Hassan Abdel Hamid. |
||
| 650 | 7 |
_aالقضاء في الأدب العربي. _2BUEsh |
|
| 650 | 7 |
_aالقضاء في الإسلام. _2BUEsh |
|
| 655 | _vReading book | ||
| 700 | 1 |
_aمحجوب، محمد عيد، _eمقدم. |
|
| 942 | _2ddc | ||
| 999 |
_c30734 _d30705 |
||